| 000 | 00385nam a2200133Ia 4500 | ||
|---|---|---|---|
| 999 |
_c9778 _d9778 |
||
| 020 | _a8171415954 | ||
| 082 | _aRR 323.03 INT- | ||
| 245 | 0 | _aInternational instruments of human rights | |
| 260 |
_aNew Delhi _bDiscovery Publishing House _c2001 |
||
| 440 | _aInternational encyclopaedia of human rights; 1 | ||
| 650 | _aHuman rights | ||
| 700 | _aRao, Digumarti Bhaskara | ||
| 942 |
_cBK _2ddc |
||